000 00449nam a2200145 a 4500
001 000038510
005 20201002031300.0
008 130412s2012 dr 000 0 spa d
020 _a9789993439608
040 _aDO-SdBNP
_bspa
_cBNPHU
100 1 _aBáez Melo, Juan Emilio
_964861
245 1 0 _aA dos voces :
_bbiografía familiar /
_cJuan Emilio Báez Melo.
260 _aSanto Domingo :
_bLibrería la Trinitaria,
_c2012.
300 _a119 p. ;
_c22 cm.
999 _c38000
_d38000